| 000 | 00611cam a2200217 4500 | ||
|---|---|---|---|
| 001 | D9658 | ||
| 008 | 090401t1970 xxu||||| |||| 00| 0 eng d | ||
| 035 | _a(Sirsi) u21500 | ||
| 041 | _aeng | ||
| 050 | _a347.4109 | ||
| 100 | _aWalmsley, R.Charles | ||
| 245 | _aWalmsley`s agricultural arbitrations, a handbook of procedure and practice under the agricultural arbitration code in England and Wales | ||
| 250 | _a3rd | ||
| 260 |
_aLondon _bEstates Gazette _c1970 |
||
| 300 | _axii. 153p. 22cm | ||
| 350 | _a2.1 | ||
| 700 | _aAllam, F.W. | ||
| 700 | _aChapman, D.H. | ||
| 942 | _n0 | ||
| 948 | _c04/03/1997 | ||
| 999 |
_c87992 _d87992 |
||